Fast In-Memory Transaction Processing Using RDMA and HTM (Record no. 347607)
[ view plain ]
| 000 -LEADER | |
|---|---|
| fixed length control field | 00617nam a2200133Ia 4500 |
| 008 - FIXED-LENGTH DATA ELEMENTS--GENERAL INFORMATION | |
| fixed length control field | 171207s9999 xx 000 0 und d |
| 100 ## - MAIN ENTRY--PERSONAL NAME | |
| Personal name | Chen, Haibo |
| 245 ## - TITLE STATEMENT | |
| Title | Fast In-Memory Transaction Processing Using RDMA and HTM |
| 245 ## - TITLE STATEMENT | |
| Statement of responsibility, etc | Haibo Chen, Rong Chen, Xingda Wei, Jiaxin Shi, Yanzhe Chen, Zhaoguo Wang, Binyu Zang, Haibing Guan |
| 260 ## - PUBLICATION, DISTRIBUTION, ETC. (IMPRINT) | |
| Date of publication, distribution, etc | 2017 |
| 300 ## - PHYSICAL DESCRIPTION | |
| Extent | pages , July 2017 |
| 440 ## - SERIES STATEMENT/ADDED ENTRY--TITLE | |
| Title | ACM Transactions on Computer Systems |
| Volume number/sequential designation | 35:1 |
| 650 ## - SUBJECT ADDED ENTRY--TOPICAL TERM | |
| Topical term or geographic name as entry element | INFORMATION SYSTEMS; DATABASE TRANSACTION PROCESSING; KEY-VALUE STORES; DISTRIBUTED DATABASE TRANSACTIONS; COMPUTER SYSTEMS ORGANIZATION; MULTICORE ACHITECTURES |
| Withdrawn status | Lost status | Damaged status | Home library | Current library | Date acquired | Total Checkouts | Date last seen | Price effective from | Koha item type |
|---|---|---|---|---|---|---|---|---|---|
| College Library | College Library | 12/07/2017 | 12/07/2017 | 12/07/2017 | Periodicals |